00274cam a22001097a 4500008004000000082001500040100001300055245004400068260002300112300001000135650001900145180718b1989 xxu||||| |||| 00| 0 eng d aN4x54 Sh13 aShah, G. aIndian police: a retrospectcby G. Shah aDelhibCosmoc1989 a224p. aPolice - India